000 00350nam a22001577a 4500
003 SGT
020 _a818627071-X
082 _a615.10
_bBHA
100 _aBHATT, D.C.
245 _aPHARMACEUTICAL MICROBIOLOGY
250 _a7TH
260 _aINDIA
_bBIRLA PUB.
_c2025
300 _a156
650 _aPHARMACEUTICAL MICROBIOLOGY
942 _2ddc
_cBK
999 _c33035
_d33035